Kadra reprezentacji Niemiec - MŚ 2010 - Statystyki

Ogólne statystyki
  • Ten quiz został rozwiązany 32 razy
  • Średni wynik to 13 z 24
Statystyki odpowiedzi
Nr Zawodnik Poz % Poprawnych
1 Manuel Neuer BR
97%
11 Miroslav Klose NA
97%
10 Lukas Podolski NA
93%
16 Philipp Lahm OB
90%
20 Jérôme Boateng OB
83%
8 Mesut Özil PO
83%
13 Thomas Müller NA
83%
7 Bastian Schweinsteiger PO
79%
6 Sami Khedira PO
69%
# Joachim Löw Trener
66%
23 Mario Gómez NA
66%
18 Toni Kroos PO
62%
22 Hans-Jörg Butt BR
55%
17 Per Mertesacker OB
55%
14 Holger Badstuber OB
34%
9 Stefan Kießling NA
34%
19 Cacau NA
31%
15 Piotr Trochowski PO
28%
12 Tim Wiese BR
28%
3 Arne Friedrich OB
21%
2 Marcell Jansen OB
17%
21 Marko Marin PO
17%
4 Dennis Aogo OB
10%
5 Serdar Tasci OB
10%
Nie znaleziono quizów pasujących do podanych kryteriów
Rozkład punktacji
Procent ludzi z każdym wynikiem
Percentyl według liczby udzielonych odpowiedzi
Twoja historia wyników
Nie rozwiązałeś tego quizu